[Event "RUS-Cup3"]
[Site "Omsk"]
[Date "1996.??.??"]
[Round "1"]
[White "Landa, Konstantin"]
[Black "Purtov, Andrei"]
[Result "0-1"]
[WhiteElo "2570"]
[BlackElo "2400"]
[Annotator "Har Zvi,R"]
[PlyCount "52"]
[EventDate "1996.12.13"]
[EventType "swiss"]
[EventRounds "9"]
[EventCountry "RUS"]
[SourceTitle "CBM 057"]
[Source "ChessBase"]
[SourceDate "1997.04.01"]
[SourceVersion "1"]
[SourceVersionDate "1997.04.01"]
[SourceQuality "1"]

1. e4 c5 2. Nf3 e6 3. c3 Nf6 4. e5 Nd5 5. d4 cxd4 6. cxd4 b6 7. Nc3 (7. a3) (7.
Bd3) 7... Nxc3 8. bxc3 Qc7 9. Bb2 (9. Be2 Qxc3+ 10. Bd2 Qa3 11. Rc1 Ba6 12. O-O
Nc6 13. d5 exd5 14. Bxa6 Qxa6 15. Bg5 Qxa2 16. Nd4 Nxd4 17. Qxd4 h6 18. Bh4 Bc5
19. Qg4 g5 $17 {van der Werf,M-Van Wely,L Nld-chT 1995}) (9. Bd2 d6 10. Bd3 Nd7
11. O-O Bb7 (11... dxe5 12. Re1 g6 $5 (12... Bd6 13. dxe5 Be7 14. Bf4 Nc5 15.
Bb5+ Bd7 16. Nd4 Bxb5 17. Nxb5 Qc6 18. a4 O-O 19. Nd4 Qb7 20. Qg4 Rfd8 21. Re3
$14 {Hmadi,S-Plachetka,J Tunis 1992 56/(161)}) 13. dxe5 (13. Nxe5 Nxe5 14. Rxe5
Bg7 $15) 13... Bg7 14. Qe2 Bb7 {=/+/-/+ Jonkman,H-Plachetha,J
Mandelieu_La_Napoule 1992 56/(161)}) 12. Re1 dxe5 13. Nxe5 Nxe5 14. Rxe5 Bd6
15. Bb5+ (15. Rh5 g6 16. Rh3 O-O 17. c4 Rfe8 18. Qg4 f5 19. Qh4 Qg7 20. Bh6 Qf7
21. Rd1 Rac8 $13 {Greger,R-Cramling,P Valby 1991}) 15... Bc6 (15... Kf8 16. Rh5
Be4 17. Qe2 Bg6 18. Rh3 $14 {Blatny,P-Grosar,A Debrecen Eu-Tch 1992}) 16. Qf3
Rc8 (16... O-O-O 17. Bxc6 Bxe5 18. a4 $1 Bd6 {Seguera,R-Akopian,v Mamaia 1991
53/(144)} 19. Be4 $1 $40) 17. Bxc6+ Qxc6 18. d5 Qb7 $13) 9... d6 (9... Bb7 10.
Bd3 d6 11. O-O Nd7 12. exd6 Bxd6 13. c4 O-O 14. h3 Rfe8 15. Re1 g6 $13 {
Liiva,R-Epishin,V Keres mem 1996}) 10. Bd3 Nd7 11. exd6 Bxd6 12. O-O Bb7 13. c4
O-O 14. h3 Be7 $5 {[%cal Ge7f6,Gf8d8,Ga8c8,Gd7f8,Gf8g6] an interesting idea
the bishop is going the f6 black's rooks the d8 and c8 and the knight to g6
via f8 after black's position is fantastic he has strong pressure on the d4
and c4 pawns has the a8-h1 diagonal and the knight is very active and indeed
white who has about 200 elo points than his opponent lost very quickly} (14...
e5 15. dxe5 Nxe5 16. Nxe5 Bxe5 17. Bxh7+ Kxh7 18. Qh5+ Kg8 19. Qxe5 Qxe5 20.
Bxe5 Rfc8 $11 {Peptan,C-Kuijf,M Groningen 1995}) 15. Re1 (15. Rc1 {with the
idea Qe2-Rfd1 and maybe d5}) 15... Rfd8 16. Re3 $6 {white starts an hopeless
plan tring to attck black's king,the problem is that after his plan will fail
he will be in a serious trouble} Bf6 17. Qe2 Rac8 18. Rd1 Nf8 19. Ne5 Ng6 $15 {
[%csl Rc4,Rd4] /-/+} 20. Qh5 $4 {just a blunder losing a pawn,of course black
is better any way butafetr a move like Qc2 white is still playing} {[%tqu "En",
"white has just blundered something do you see it?","","","f6e5","",2]} Bxe5 {
is was also possible to play Bxg2 immediately} 21. Rxe5 (21. dxe5 Bxg2) 21...
Bxg2 (21... Nxe5 $4 22. Qxh7+ Kf8 23. Ba3+ Ke8 24. dxe5 $18) 22. f3 {[%tqu
"En","white was is threatening Qg5 winning the bishop,it is not possible to
take on e5 but one move is just the best one and the end of this game!","think
how can you make Nxe5 a possible move?","","f7f5","",5]} f5 $1 {blocking the
b1-h7 diagoanl and winning an exchange} 23. Be2 (23. Ree1 Qg3) 23... Nxe5 24.
dxe5 Rxd1+ 25. Bxd1 Qd7 26. Bb3 g6 {not a game white would like to remember!}
0-1

[Event "RUS-Cup3"]
[Site "Omsk"]
[Date "1996.??.??"]
[Round "9"]
[White "Egin, Vladimir"]
[Black "Mukhametov, Eldar"]
[Result "0-1"]
[WhiteElo "2445"]
[BlackElo "2485"]
[Annotator "Har Zvi,R"]
[PlyCount "56"]
[EventDate "1996.12.13"]
[EventType "swiss"]
[EventRounds "9"]
[EventCountry "RUS"]
[SourceTitle "CBM 057"]
[Source "ChessBase"]
[SourceDate "1997.04.01"]
[SourceVersion "1"]
[SourceVersionDate "1997.04.01"]
[SourceQuality "1"]

1. e4 c5 2. c3 d5 3. exd5 Qxd5 4. d4 Nf6 5. Nf3 Bg4 6. Be2 (6. Nbd2 Nc6 (6...
cxd4 7. Bc4 Qh5 8. Qb3 Nbd7 9. cxd4 e6 10. Qxb7 Rb8 11. Qc6 Bb4 (11... Bxf3 12.
Qxf3) 12. Ne5 $16 {Sveshnikov,E-Belikov,V RUS-ch Elista 1995}) 7. Bc4 Bxf3 8.
gxf3 Qd7 (8... Qg5 $4 9. Ne4 $1 Qf5 (9... Qg2 10. Ng3 {Bf1-XQg2}) 10. Qe2 e6
11. Ng3 Qh3 12. d5 $18 {Adams,M-Hubner,R Wijk ann Zee 1996 65/147 [Adams,M]}) (
8... Qd6 9. dxc5 Qxc5 10. Qe2) 9. dxc5 e6 10. b4 a5 11. Rb1 Nd5 12. Bxd5 Qxd5
13. a3 Be7 14. O-O O-O 15. Qe2 Rad8 $2 (15... Ne5 $32) 16. Nc4 $1 $16 {Vlassov,
N-Atalik,S Rethymnan 1995 65/146}) 6... e6 7. h3 Bh5 8. O-O Nc6 9. Be3 cxd4 10.
cxd4 Be7 11. Nc3 Qd6 12. a3 (12. Qb3 O-O 13. Rfd1 Rfd8 (13... Qb4) 14. a3 (14.
Rac1 Qb4 15. Qxb4 Nxb4 16. g4 Bg6 17. Ne5 Nfd5 18. Nxd5 Nxd5 19. Nxg6 hxg6 $10
{Estrada Gonsalez,J-Ljubojevic,L France 1995 63/121}) 14... Rac8 15. Rac1 Qb8
$6 16. d5 $1 $14 {Nunn,J-Lutz,Ch Deutschland 1994 62/142 [Nunn,J]}) 12... O-O
13. Qb3 Rac8 (13... Rfd8 14. Rfd1 Nd5 15. Rac1 Rab8 16. Nb5 Na5 $1 17. Qc2 Bg6
18. Nxd6 Bxc2 19. Rxc2 Bxd6 $10 {Kindermann,S-Babula,V Moscow (ol) 1994 62/143
[Kindermann]}) (13... a6 14. Rfd1 Rfd8 15. Rac1 b5 16. Qa2 b4 17. d5 exd5 {
Cherniaev,A-Lalic,B Hastings 1994 62/(143)} 18. Nxd5 Nxd5 19. Rc5 Nc3 20. Rxd6
Nxa2 21. Rxd8+ Nxd8 22. Rxh5 bxa3 23. Bc4 Nb4 24. bxa3 Nc2 $10 {Lalic,B}) 14.
Rfd1 (14. Qxb7 Rb8 15. Qa6 Rxb2 $15 (15... Bxf3 $6 16. Bxf3 Nxd4 17. Qxd6 Nxf3+
18. gxf3 Bxd6 19. b4 $13)) (14. Rac1 Bxf3 15. Bxf3 Nxd4 16. Bxd4 (16. Qxb7 Rb8
$1 (16... Nxf3+ 17. Qxf3 $14) 17. Qxa7 Nxf3+ 18. gxf3 Rxb2) 16... Qxd4 17. Qxb7
Bc5) 14... Nd5 15. Ne4 {white got nothing out of the opening but after this
move he is already worse,it was possible to take on d5 with about equal
position but white was looking for an advantageand soon found himself in a
difficult position} Qb8 16. Rac1 Rfd8 17. Nc5 b6 18. Na6 Qd6 {what is the
knight doing on a6??} 19. Qa4 Bf6 20. Rc4 Nce7 21. Rdc1 Rxc4 22. Rxc4 Nxe3 23.
fxe3 Nf5 24. Rc3 {[%tqu "En","black won in 4 moves can you?","","","h5f3","",2]
} Bxf3 $1 25. Bxf3 Nxe3 26. Rxe3 Bxd4 {[%cal Gg1d4,Gd4g1]} 27. Qb3 Qf4 28. Kf2
Bxe3+ {and white resigned without waiting for check on d2 after taking the
bishop} 0-1

[Event "Bad Homburg"]
[Site "Bad Homburg"]
[Date "1997.??.??"]
[Round "2"]
[White "Hickl, Joerg"]
[Black "Hracek, Zbynek"]
[Result "0-1"]
[WhiteElo "2565"]
[BlackElo "2605"]
[Annotator "Har Zvi,R"]
[PlyCount "74"]
[EventDate "1997.07.26"]
[EventType "tourn"]
[EventRounds "9"]
[EventCountry "GER"]
[EventCategory "14"]
[SourceTitle "CBM 060"]
[Source "ChessBase"]
[SourceDate "1997.09.29"]
[SourceVersion "1"]
[SourceVersionDate "1997.09.29"]
[SourceQuality "1"]

1. e4 c5 2. c3 Nf6 3. d3 {Hickel's variation,it seem as Hickel is the only
strong player which playes this line so often} Nc6 (3... g6 4. Nf3 Bg7 5. Nbd2
O-O 6. Be2 Nc6 7. O-O e5 8. a3 d6 9. b4 Nh5 10. g3 Bh3 11. Re1 h6 12. Nc4 b5
13. Ne3 Be6 14. Rb1 a6 15. Nd5 Nf6 16. Nxf6+ Qxf6 17. Be3 $13 {Hickel,
J-Kaminski,U Bl 92/93}) (3... d6 4. f4 Nbd7 5. Nf3 Qc7 6. Qe2 e6 7. g3 b6 8.
Bg2 Bb7 9. Nbd2 Be7 10. O-O O-O 11. a4 a6 12. b3 b5 {Kharlov,A-Ivanov,M
Vladivostok 1994}) 4. Nf3 d5 (4... g6 5. Nbd2 Bg7 6. a3 O-O 7. Be2 d5 8. O-O
Qc7 (8... c4 9. exd5 cxd3 10. dxc6 dxe2 11. Qxe2 bxc6 12. Re1 Nd5 13. Ne4 Qb6
14. c4 Ba6 15. Qc2 Nc7 16. Rb1 Ne6 17. Be3 $14 {Bezold,M-Pavasovic,D Portoroz
1996}) 9. Re1 Rd8 (9... b6 10. Bf1 dxe4 11. dxe4 Bb7 12. Qc2 Rad8 13. b4 cxb4
14. cxb4 Rc8 15. Rb1 $13 {Hickel,J-Mueller,O BL 89/90}) 10. Bf1 e5 11. b4 c4
$13 {Hickel,J-Damljanovic,B Mitropa cup 1987}) 5. Nbd2 Bg4 (5... e5 6. a3 Be7
7. b4 a6 8. Be2 O-O 9. O-O Bg4 10. Bb2 Qc7 11. Re1 dxe4 $6 12. dxe4 Rad8 13.
Qc2 Nh5 14. Nc4 $14 {Hickel,J-Maus,S Bl 88/89}) 6. Be2 e6 7. O-O Be7 8. Re1 O-O
9. Qc2 Qc7 {Black should have no camplains about the opening, all his pieces
occupy good squares, he has his pawns in the center, to be honest I do not
understand what white wants to get from this opening?} 10. Nf1 Rad8 (10... c4
$5 11. exd5 (11. dxc4 dxe4 12. Ng5 Bf5 $1 13. Ng3 Bd6 $15 (13... e3 14. Nxf5
exf2+ 15. Kxf2 exf5 16. Qxf5 Qxh2 {[%csl Rf2]})) 11... cxd3 12. Bxd3 Bxf3 13.
dxc6 Bxc6 $11 {/=/+}) 11. Bg5 d4 12. N1d2 (12. c4 $6 Nxe4 $1 13. Bxe7 Qxe7 14.
dxe4 d3 15. Bxd3 Nb4 $15 {/-/+}) 12... h6 13. Bh4 (13. Bxf6 Bxf6 14. Nxd4 $2 (
14. c4 $15 {/-/+}) (14. cxd4 Bxf3 15. Nxf3 Nxd4 16. Nxd4 Bxd4 $17 {[%csl Gd4,
Re2]}) 14... cxd4 15. Bxg4 dxc3 16. bxc3 Nb4 $19) 13... dxc3 14. bxc3 Nh5 15.
Bxe7 Qxe7 16. g3 (16. h3 Bxf3 17. Nxf3 Nf4 $15 {when black's plan is very easy
Rd7-Rfd8 and Qf6 when it is clear white "hanging" pawns d3 and c3 are black
main target}) 16... Nf6 $1 {the knight has nothing more to do on h5,it has
already made white to weaken his position with g3} 17. Reb1 (17. Rab1) (17. e5
Nd7 18. d4 (18. Bf1 f6 $1 19. exf6 (19. Nh4 Ndxe5 20. f4 g5 $1 21. fxe5 gxh4
22. exf6 Qxf6 23. Ne4 Qf5 $17) 19... Qxf6 20. Re4 Bf5 $36 21. Re3 Nb4 22. Qb2
Nd5) 18... Nb6 19. Nb3 Bxf3 20. Bxf3 cxd4 21. cxd4 (21. Bxc6 d3) 21... Nxd4 22.
Nxd4 Rxd4 $17) 17... b6 18. Bf1 Nd7 {[%cal Gd7e5]} 19. a4 Qf6 (19... Nde5 20.
Nxe5 Nxe5 21. a5 $132) 20. Ne1 Bh5 (20... g5) 21. f4 (21. Nc4 $5 {[%cal Ga4a5]}
Nde5 22. Nxe5 Qxe5 (22... Nxe5 $6 23. a5) 23. d4 $1 Qd6 (23... cxd4 $4 24. Rb5
{[%cal Gb5h5]}) 24. dxc5 bxc5 $13 {/=/+}) 21... g5 22. Ng2 (22. e5 Qg7 23. Bg2
gxf4 24. gxf4 (24. Bxc6 Nxe5 25. Bg2 fxg3 {With 3 pawns for the knight and
strong initiative it is not difficult to say that black has a very good
position.}) 24... Ne7 25. Nc4 f6 $36 {[%cal Gf8f1] /-/+}) 22... Kh8 {The king
has really no place on the "g" file, when it will be opened the rooks and
queen should stand there.} 23. Re1 Rg8 24. Kh1 Bg4 {The black idea is to play
at one moment Bh3 when white want be able to hold the pawn on f4.} 25. e5 Qg6
26. Ne4 gxf4 27. gxf4 (27. Nxf4 Qg7 {[%csl Re5]}) 27... f6 28. exf6 Nxf6 29.
Qf2 (29. Nxf6 Qxf6 $17 {[%csl Rc3,Rf4]}) 29... Rdf8 30. Re3 (30. Ng3) 30... e5
$1 31. Nh4 (31. Nxf6 Qxf6 32. Re4 Be6 $17) 31... Qh5 32. Nxf6 (32. f5 Nd5 33.
Ree1 Qxh4 $1 34. Qxh4 Bf3+ 35. Bg2 Bxg2+ 36. Kg1 Bxe4+) 32... Rxf6 33. f5 Ne7
$1 34. Rxe5 $2 (34. Bg2 $8 Nxf5 35. Nxf5 (35. Rf1 Rgf8 36. Nxf5 Rxf5 37. Qe1
Rxf1+ 38. Bxf1 Bf3+ $17) 35... Rxf5 $17) 34... Nxf5 $19 {the game is over} 35.
Ng2 Bf3 36. Rae1 Rfg6 37. Be2 Rxg2 0-1

[Event "FRA-ch"]
[Site "Narbonne"]
[Date "1997.08.16"]
[Round "2"]
[White "Degraeve, Jean Marc"]
[Black "Relange, Eloi"]
[Result "1/2-1/2"]
[WhiteElo "2540"]
[BlackElo "2505"]
[Annotator "Har Zvi,R"]
[PlyCount "89"]
[EventDate "1997.08.15"]
[EventType "tourn"]
[EventRounds "15"]
[EventCountry "FRA"]
[EventCategory "9"]
[SourceTitle "CBM 061"]
[Source "ChessBase"]
[SourceDate "1997.11.23"]
[SourceVersion "1"]
[SourceVersionDate "1997.11.23"]
[SourceQuality "1"]

1. e4 c5 2. c3 d5 3. exd5 Qxd5 4. d4 Nf6 5. Nf3 Bg4 6. dxc5 (6. Nbd2 Nc6 7. Bc4
Bxf3 8. gxf3 (8. Qxf3 Qxf3 9. Nxf3 cxd4 10. Nxd4 Nxd4 11. cxd4 e6 12. Bb5+ Kd8
13. Bg5 Be7 14. Bc4 Nd7 15. Bd2 Rc8 16. Bb3 Nf6 17. Bg5 Kc7 18. O-O Rhd8 $15 {
0-1 De Kleuver,E-Kadimova,I/EU-chTW 1997/EXP 57/[NED - AZE] (33)}) 8... Qf5 $1
{this is the black's best move in this position which seems to give him a good
position} (8... Qg5 $2 9. Ne4 Qf5 10. Qe2 e6 11. Ng3 Qh3 12. d5 Nd8 13. Bb5+
Nd7 14. Bf4 a6 15. Bxd7+ Kxd7 16. O-O-O $18 {Adams,M-Huebner,R/Wijk aan Zee/
1996/1:0/31/}) (8... Qd7 9. dxc5 e6 10. b4 (10. Nb3 Qc7 11. Be3 Be7 12. Qe2 Rd8
13. Rd1 Rxd1+ 14. Kxd1 O-O 15. Kc2 Rd8 16. f4 $14 {Strikovic,A-Garcia Iluhdain,
D/Leon/1996/0,5/37/}) 10... a5 11. Rb1 (11. Qb3 $5) 11... Nd5 12. Bxd5 Qxd5 13.
a3 Be7 14. O-O O-O 15. Qe2 $14 {Vlassov,N-Atalik,S/Rethimnon/1995/1:0/25/}) (
8... Qd6 $5) (8... Qh5) 9. Qb3 (9. dxc5 $5) (9. Nb3 $5 e6 $5 (9... cxd4 10.
Nxd4 Nxd4 11. cxd4 $13) 10. Nxc5 Bxc5 11. dxc5 Rd8 12. Qe2 Ne5 13. Bb5+ Ke7 14.
f4 $13) 9... O-O-O $8 10. Bxf7 (10. Bb5 cxd4 11. Bxc6 bxc6 12. O-O e6 13. Qa4 (
13. cxd4 Bd6 14. Ne4 Nxe4 15. fxe4 Qxe4 $17) 13... Qb5 14. Qxb5 (14. Qxa7 Bc5
15. Qxf7 (15. Qa8+ Kc7 $19) 15... Rhe8 $19) 14... cxb5 15. cxd4 Rxd4 16. Nb3
Ra4 $19 {0-1 Antonio,R-Huebner,R/Erevan olm 1996/EXT 96ch2/[Dolmatov] (41)})
10... Nd5 11. Bxd5 $8 Rxd5 12. Ne4 $2 (12. Rg1 e6 (12... cxd4 $5) 13. Rg3 cxd4
14. Ne4 Be7 15. Bd2 Rhd8 16. c4 R5d7 17. O-O-O g6 $13 {Shaked,T-De Firmian,N/
USA/1996/0,5/47/}) (12. dxc5 $6 Re5+ $1 (12... e6 13. O-O Ne5 14. Qa4 Bxc5 15.
Qe4 Qh5 16. f4 Qg4+ 17. Kh1 Nd3 18. Qf3 {Feoktistov,A-Belov,V/RUS-Cup2 1996/
EXP 56/1/2-1/2 (30)}) 13. Ne4 $2 Rxe4+ $18) 12... e6 13. Ng3 (13. O-O Qxf3 14.
Ng3 h5 $17) 13... Qxf3 14. Be3 cxd4 15. Bxd4 $6 (15. cxd4 $5 Bd6 16. Qd1 Qg2
17. Qg4 $15) 15... Bd6 $17 {>< Ke1/} 16. Qd1 Qg2 $1 17. Qg4 Nxd4 (17... Bxg3 $2
18. O-O-O $10) 18. cxd4 Bb4+ 19. Ke2 Rf5 $1 20. Rhf1 Rhf8 21. Kd3 Kb8 $1 $19
22. Rac1 Rf3+ 23. Kc4 Bd2 {0-1 Votava,J-Lutz,C/Erevan olm 1996/EXT 96ch2/
[Shipov]} (23... Bd2 24. Rcd1 Rc8+ 25. Kb5 Rb3+ 26. Ka4 Qc6+ 27. Kxb3 Qb5+ 28.
Ka3 Qb4#)) 6... Qxc5 (6... Qxd1+ 7. Kxd1 e5 8. b4 e4 9. h3 Bh5 10. g4 Nxg4 11.
hxg4 Bxg4 12. Nbd2 exf3 13. Bb5+ Nc6 14. Re1+ Be7 15. Kc2 Kf8 16. Bxc6 bxc6 17.
Nc4 $13 {1-0 Arnason,A-Arnason,J/Vestmannaeyjum 1985/MCL 01 (63)}) 7. h3 (7.
Na3 a6 8. Be3 (8. Qa4+ Bd7 9. Qb3 Qc7 10. Be3 Nc6 11. Nc4 Be6 12. Qb6 Qxb6 13.
Nxb6 Rd8 14. Nd4 Nxd4 15. Bxd4 Nd5 16. Bc4 $2 Nxb6 17. Bxe6 Rxd4 18. Bxf7+ Kxf7
19. cxd4 e6 20. Rc1 Bd6 21. Ke2 Rd8 $15 {1-0 Sermek,D-Savon,V/Bled op 1992/CBM
29 (55)}) 8... Qc8 9. h3 Be6 10. Be2 Bd5 11. O-O e6 12. c4 Bc6 13. Nb1 Be7 14.
Nc3 O-O 15. Rc1 Rd8 16. Qb3 Nbd7 17. Nd4 Bc5 18. Nxc6 bxc6 19. Bg5 Qc7 20. Qc2
h6 21. Bd2 Bd4 {Shaked,T-Lerner,K/Berliner Sommer 1997/EXP 59/1/2-1/2 (80)}) (
7. Be3 Qc8 8. h3 Bf5 9. Na3 Nc6 10. Nc4 g6 11. Nce5 Bg7 12. Nxc6 bxc6 13. Bc4
O-O 14. O-O Nd5 15. Bd4 $14 {/+/- 1-0 Markovic,I-Ostojic,N/JUG-chT 1997/EXP 59
(33)}) 7... Bh5 8. Na3 {I could not find even one game with this position in
my database, since the theory claims that after 6.dxc5 white should have no
advantage} a6 (8... Nc6 9. Nb5 {[%cal Gc1e3]}) 9. Be3 Qc7 10. Qa4+ Nbd7 (10...
Nc6 11. Nd4) (10... Qd7 $2 11. Bb5 Nc6 12. Ne5 $18) 11. O-O-O Bxf3 12. gxf3 Rd8
(12... e6 $5 {this is a critical move, since if white does not have something
forcing [which I can not see ] black has no problems at all, since white wants
to have time to play Nc4-Bb6} 13. Nc4) 13. Nc4 e6 (13... b5 14. Qa5 {this is
the simplest move,which gives white a very pleasent position,maybe Qxa6 is
also possible giving the knight for 2 pawns and some compensation,although I
think black should be atleast OK in this variation,while here he is simply
worse} Rc8 (14... Qc6 15. Ne5) 15. Qxc7 Rxc7 16. Nb6) 14. Bb6 Qf4+ 15. Kb1 Rc8
16. Rd4 Qb8 (16... Qxf3 $2 17. Rxd7 Nxd7 18. Qxd7+ Kxd7 19. Ne5+ $16) (16...
Qf5+ 17. Bd3 Qh5 (17... Qb5 18. Nd6+) 18. Be4 (18. Rd1 Nd5 19. Be4 Rxc4) 18...
Qb5 19. Qxb5 axb5 20. Nd6+ Bxd6 21. Rxd6 $16) 17. f4 {black next move is of
course Nd5 so white can play Ne3 which I believe nobody likes,and can play f4
with an interestong exchange sacrifise,when he gets full compensationfor the
material} Nd5 18. Rxd5 exd5 19. Ne5 Qd6 (19... Rc6 $5 20. Nxd7 (20. Nxc6 $2
Nxb6 21. Nxb8+ Nxa4 {[%csl Rb8]}) 20... Kxd7 21. Bg2 $40 {[%csl Rd7]}) 20. Bg2
f6 (20... Be7 $2 21. Re1 $36 {when it is not easy at all to move with the
black pieces} (21. Rd1 Rc6 $8 22. Rxd5 (22. Nxc6 Nxb6) 22... Nxb6 23. Rxd6 Nxa4
24. Rxc6 bxc6 25. Bxc6+ Kf8 26. Bxa4 Bd6 $13)) 21. Nxd7 Qxd7 22. Qd4 $1 {
of course white must keep the queens on thre board} (22. Re1+ Be7 23. Qxd7+
Kxd7 24. Bxd5 Rb8) (22. Qxd7+ Kxd7 23. Bxd5 Bc5 24. Bxc5 Rxc5 25. Bxb7 Rb8)
22... Qf5+ (22... Rc4 23. Re1+ Be7 24. Qxd5 Qxd5 25. Bxd5 $16 {/+-}) 23. Ka1
Bd6 (23... Rc6 24. Rd1 $40 {[%cal Gg2d5]} (24. Bxd5 $4 Rxb6)) 24. Bxd5 Qxf4 25.
Re1+ Kd7 $6 (25... Kf8 26. Qxf4 Bxf4 27. Bxb7 Re8 28. Rxe8+ Kxe8 29. Bxa6 $16)
26. Bxb7 $1 (26. Qxf4 $2 Bxf4 27. Bxb7 $4 Rb8) (26. Be6+ Kc6 27. Bd5+ Kd7)
26... Rc4 (26... Qxd4 $8 27. Bxc8+ Rxc8 28. Bxd4 {with a big advantage for
white,just extra pawn without any compensation for black}) {[%tqu "En","please
find a force quick win for white,this is very simple","","","d4d5","",6]} 27.
Qxf4 $4 (27. Qd5 $1 {[%cal Gd5e6,Gd5f7] what can be more logical than avoiding
queen's exchange when your opponent has his king on d7 in this way,it took me
one second not to like Qxf4 and a few more to find Qd5,but that's why I guess
white was in time trouble,since clearly he is a good player,which does not
miss such simple moves} Re8 $8 28. Rd1 {[%cal Gb6e3]} Re6 29. Bxa6 {and the
game is completely over}) 27... Rxf4 28. Bxa6 Kc6 29. Be3 (29. Bd4 $5) 29...
Ra4 30. Bf1 {after all the complications we had we have reached an endgame,
when it's clear white's pair of bishops and his 3 connected ( free ) pawns on
the Queen's side gives him the advantage} Rd8 31. Bg2+ (31. b3 $5) 31... Kc7
32. Kb1 Bf4 $5 {changing the position,black believes in his chances of drawing
the endgame with the opposite coloured bishop} 33. b3 Bxe3 34. bxa4 Bxf2 35.
Re2 Bc5 36. a5 Rd6 37. Rb2 Kc8 38. a6 $6 {it seems that after this move,black
changes rooks ,or atleast taking the 'b" file,and moving his king which is
right now cut along the "b" file to the "a7" square} (38. Rb7 Rd7 39. Rb5)
38... Rb6 $1 39. Rb3 Kb8 40. Kc2 Ka7 41. Bb7 g5 42. c4 h5 43. Rd3 Rd6 44. Rd5
Rxd5 45. cxd5 1/2-1/2